| 000 | 02178nam0a2200385 i 4500 | ||
|---|---|---|---|
| 001 | RU\NLR\bibl\2054924 | ||
| 005 | 20260408103956.0 | ||
| 010 |
_a9785902244639 _9100 |
||
| 021 |
_aRU _b2013-48740 _93375 |
||
| 035 | _a(nilc)RuMoRGB-006597405 | ||
| 035 | _a(NLR Aleph) 002041859 | ||
| 090 |
_a4599902 _c4599903 |
||
| 100 | _a20130624d2012 k y0rusy50 ca | ||
| 101 | 0 |
_arus _deng |
|
| 102 | _aRU | ||
| 105 | _aa ||||||||| | ||
| 200 | 1 |
_aАктуальные проблемы социоэкономики в XXI веке _eматериалы Пятой международной научной конференции студентов и молодых ученых _fпод ред. д.э.н., проф. Л.С. Морозовой, к.э.н., преп. А.Г. Пановой |
|
| 210 |
_aМосква _cРГУТиС _d2012 |
||
| 215 |
_a313 с. _cил. _d21 |
||
| 300 | _aВ надзаг.: М-во образования и науки Рос. Федерации, Федер. гос. бюджет. общеобразоват. учреждение высш. проф. образования "Рос. гос. ун-т туризма и сервиса" (ФГБОУ ВПО "РГУТиС") | ||
| 300 | _aРез. на англ. яз. | ||
| 320 | _aБиблиогр. в конце ст. | ||
| 606 |
_aСоциальная экономика _jСъезды, совещания и т.п. _92236867 _3RU\NLR\auth\661342376 |
||
| 686 | _aУ010.7я431 | ||
| 686 | _aС550.42я431 | ||
| 702 | 1 |
_4340 _7ca _8rus _aМорозова _bЛ. С. _cд-р экон. наук _gЛюбовь Семеновна _930217 _3RU\NLR\auth\7747282 |
|
| 711 | 1 | 2 |
_a"Актуальные проблемы социоэкономики в XXI веке", международная научная конференция студентов и молодых ученых _d5 _eМосква _f2012 _9372812 _3RU\NLR\AUTH\8810243502 |
| 801 | 0 |
_aRU _bRuMoRKP _c20130624 _gRCR |
|
| 801 | 2 |
_aRU _bРГБ _c20130705 _grcr |
|
| 801 | 1 |
_aRU _bRuMoRKP _c20130624 _2rusmarc |
|
| 801 | 2 |
_aRU _bNLR _c20130718 _grcr |
|
| 942 | _cBOOK | ||
| 980 | _aNBR | ||